Series/Films Netflix les plus connus - Statistics

General Stats
  • This quiz has been taken 166 times
  • The average score is 10 of 100
Answer Stats
Hint Répondre % Correct
a Stranger Things 58
54%
a Squid game 52
48%
a Outer Banks 65
40%
a ça 11
37%
a Gossip Girl 48
37%
a Breaking Bad 14
34%
a Eli 40
32%
a La Casa de Papel 57
32%
a You 60
30%
a Elite 70
29%
a The walking dead 15
29%
a Lucifer 32
27%
a Sex Education 76
26%
a The 100 53
25%
a 13 Reasons Why 59
22%
a Emily in Paris 64
21%
a Wednesday 69
20%
a Ginny and Georgia 61
19%
a Cobra Kai 72
17%
a Lupin 62
17%
a Narcos 75
17%
a Orange is the new black 10
17%
a The Crown 34
17%
a The Witcher 71
17%
a Umbrella Academy 74
17%
a Friends 29
14%
a Insatiable 31
13%
a Le Jeu de la dame 63
13%
a The good doctor 42
13%
a All of us are dead 49
12%
a La Chronique des Bridgerton 56
12%
a On my block 43
12%
a Teen Wolf 55
12%
a Black mirror 1
11%
a Shadowhunters 54
10%
a Dark 45
9%
a Dynasty 33
9%
a Alice in Borderland 77
7%
a Anne with an E 44
7%
a Atypical 2
7%
a Jeffrey Dahmer 9
7%
a Annabelle 13
6%
a Heartstopper 68
6%
a Jane the virgin 3
6%
a Locke and key 6
6%
a Sabrina 50
6%
a Spider-Man 90
6%
a Arcane 80
5%
a Conjuring 17
5%
a Enola Holmes 20
5%
a Never have I ever 5
5%
a The rain 46
5%
a Young Royal 67
5%
a Chucky 12
4%
a H2O 8
4%
a Sweet Home 78
4%
a Bird Box 82
3%
a Conjuring 2 18
2%
a Enola Holmes 2 21
2%
a First Kill 66
2%
a Resident Evil 79
2%
a Scary Movie 85
2%
a Tall Girl 26
2%
a The babysitter 36
2%
a The Silence 96
2%
a Tiny pretty things 7
2%
a Twilight 95
2%
a Alice in the borderland 100
1%
a Call me by your name 41
1%
a Conjuring 3 19
1%
a Fear Street 37
1%
a Feel the beat 16
1%
a Hush 24
1%
a Insidious 84
1%
a Mortel 27
1%
a Purple heart 4
1%
a Skins 28
1%
a The end of the fucking world 23
1%
a Vendredi 13 88
1%
a 2012 35
0%
a Cam 25
0%
a Creep 86
0%
a Don't listen 97
0%
a Fatal 30
0%
a Feel Good 47
0%
a Godzilla 98
0%
a I am not okay with this 22
0%
a La Famille Addams 94
0%
a La Forêt 87
0%
a Nouvelle Génération 83
0%
a One of us is lying 51
0%
a Projet X 93
0%
a Snowpiercer 73
0%
a Spider-Man 2 91
0%
a Spider-Man 3 92
0%
a The gray man 99
0%
a The Ouija 89
0%
a Throught my window 39
0%
a Unbelivable 81
0%
a We can be heroes 38
0%
No matching quizzes found
Score Distribution
Percent of People with Each Score
Percentile by Number Answered
Your Score History
You have not taken this quiz